[Event "Odysseus Spring A"]
[Site "Soborg"]
[Date "2009.04.23"]
[Round "2"]
[White "Steenstrup, Per"]
[Black "Brandstrup, Bo"]
[Result "0-1"]
[WhiteElo "1792"]
[BlackElo "1965"]
[PlyCount "82"]
[EventDate "2009.04.16"]
[EventType "tourn"]
[EventRounds "5"]
[EventCountry "DEN"]
[SourceTitle "EXT 2023"]
[Source "ChessBase"]
[SourceDate "2022.10.05"]
[SourceVersion "1"]
[SourceVersionDate "2022.10.05"]
[SourceQuality "1"]

1. e4 c5 2. Nc3 e6 3. f4 d5 4. Nf3 Nc6 5. Bb5 Nge7 6. exd5 exd5 7. Qe2 Be6 8. Bxc6+ bxc6 9. b3 Nf5 10. Ba3 Bd6 11. g3 0-0 12. 0-0 Nd4 13. Nxd4 cxd4 14. Bxd6 Qxd6 15. Na4 Rfe8 16. Qh5 g6 17. Qf3 Bf5 18. d3 Re3 19. Qf2 Rae8 20. Rfe1 Bg4 21. Rxe3 dxe3 22. Qg2 h5 23. Re1 Qb4 24. c3 Qe7 25. d4 e2 26. h3 Bf5 27. g4 hxg4 28. hxg4 Qe3+ 29. Qf2 Bxg4 30. Qxe3 Rxe3 31. Kf2 Rd3 32. c4 dxc4 33. Nb2 Rxd4 34. Nxc4 Rxf4+ 35. Ke3 Rf1 36. Kd2 f6 37. Ne3 Rxe1 38. Kxe1 Bh5 39. Nc4 g5 40. Na5 Bf3 41. b4 g4 0-1

[Event "Barkhuus Memorial"]
[Site "Vanlose"]
[Date "2005.07.30"]
[Round "4"]
[White "Brandstrup, Bo"]
[Black "Andersen, Daniel"]
[Result "1-0"]
[WhiteElo "1936"]
[BlackElo "1972"]
[PlyCount "59"]
[EventDate "2005.07.27"]
[EventType "swiss"]
[EventRounds "7"]
[EventCountry "DEN"]
[SourceTitle "CBM 107 Extra"]
[Source "ChessBase"]
[SourceDate "2005.09.01"]
[SourceVersion "1"]
[SourceVersionDate "2005.09.01"]
[SourceQuality "1"]

1. Nf3 e6 2. d4 f5 3. g3 d5 4. Bg2 Bd6 5. c4 c6 6. 0-0 Nf6 7. b3 Qe7 8. Bb2 0-0 9. Nbd2 Ne4 10. Ne5 Nd7 11. Nxd7 Bxd7 12. Nf3 g5 13. Ne5 h5 14. f3 Bxe5 15. fxe4 Bd6 16. exd5 exd5 17. cxd5 cxd5 18. Bxd5+ Be6 19. Bxe6+ Qxe6 20. Qd3 Rae8 21. Rf2 f4 22. Raf1 Qh6 23. Bc1 Kh8 24. gxf4 gxf4 25. Kh1 Bc7 26. Qf3 Qe6 27. d5 Qh6 28. e3 Bb6 29. d6 Bxe3 30. Bxe3 1-0

[Event "Gladsaxe-ch"]
[Site "Gladsaxe"]
[Date "2004.05.07"]
[Round "1"]
[White "Brandstrup, Bo"]
[Black "Frederiksen, Henrik"]
[Result "0-1"]
[WhiteElo "2044"]
[BlackElo "2127"]
[PlyCount "116"]
[EventDate "2004.05.07"]
[EventType "swiss"]
[EventRounds "5"]
[EventCountry "DEN"]
[SourceTitle "EXT 2018"]
[Source "ChessBase"]
[SourceDate "2017.10.13"]
[SourceVersion "1"]
[SourceVersionDate "2017.10.13"]
[SourceQuality "1"]

1. Nf3 d6 2. d4 g6 3. g3 Bg7 4. Bg2 Nf6 5. 0-0 0-0 6. c4 c6 7. Nc3 Qa5 8. e4 Qh5 9. Nh4 Bg4 10. f3 Bc8 11. f4 Qxd1 12. Rxd1 Na6 13. h3 Nd7 14. Be3 Nb6 15. b3 c5 16. Rac1 Re8 17. dxc5 dxc5 18. e5 g5 19. fxg5 Bxe5 20. Kf2 Rb8 21. Ne4 Nd7 22. Rd2 b6 23. Rcd1 Nf8 24. Rd5 Bc7 25. Bf4 Be6 26. R5d2 Ng6 27. Bxc7 Nxc7 28. Nf3 Kg7 29. Ke3 a5 30. Nc3 b5 31. cxb5 Nxb5 32. Nxb5 Rxb5 33. h4 a4 34. bxa4 Ra5 35. h5 Nf8 36. Rc1 c4 37. Bf1 Rc8 38. Rc3 Rcc5 39. Rd8 Rxa4 40. h6+ Kg8 41. a3 Rca5 42. Kd4 Rxa3 43. Rxa3 Rxa3 44. Ne5 f6 45. gxf6 exf6 46. Nxc4 Rxg3 47. Ne3 Rg6 48. Nd5 Rxh6 49. Bc4 Kf7 50. Rb8 Nd7 51. Rb7 Rh5 52. Kc3 Rh3+ 53. Kd4 Rh4+ 54. Kc3 Kf8 55. Ra7 Ne5 56. Ra8+ Kg7 57. Ra7+ Kh6 58. Bb3 Rh3+ 0-1

[Event "Vanlose Summer op"]
[Site "Vanlose"]
[Date "2002.08.03"]
[Round "6"]
[White "Brandstrup, Bo"]
[Black "Christensen, Jan N"]
[Result "0-1"]
[WhiteElo "1924"]
[BlackElo "2009"]
[PlyCount "144"]
[EventDate "2002.07.29"]
[EventType "swiss"]
[EventRounds "7"]
[EventCountry "DEN"]
[SourceTitle "EXT 2018"]
[Source "ChessBase"]
[SourceDate "2017.10.13"]
[SourceVersion "1"]
[SourceVersionDate "2017.10.13"]
[SourceQuality "1"]

1. Nf3 Nc6 2. d4 d5 3. Bf4 Bg4 4. Nbd2 e6 5. e3 Bd6 6. c3 f6 7. Qb3 Rb8 8. Bd3 Nge7 9. Bg3 0-0 10. Qc2 Bf5 11. e4 dxe4 12. Nxe4 Ng6 13. Nxd6 Bxd3 14. Qxd3 cxd6 15. 0-0 f5 16. h3 f4 17. Bh2 e5 18. Rfe1 Qf6 19. Rad1 Rfe8 20. Re2 Rbd8 21. Rde1 Re7 22. b4 Rde8 23. b5 Nb8 24. Qc4+ Qf7 25. Qxf7+ Kxf7 26. dxe5 dxe5 27. Ng5+ Kf6 28. Ne4+ Ke6 29. Rd1 Nd7 30. f3 Nf6 31. Rd6+ Kf5 32. Nxf6 gxf6 33. Kf1 Rc8 34. Rc2 Rec7 35. Rd3 Rc5 36. Bg1 Rxb5 37. Bxa7 Ke6 38. Ke2 Nh4 39. Bf2 Nxg2 40. c4 Rb1 41. Rb3 Rxb3 42. axb3 Rd8 43. c5 Kf5 44. b4 Rd3 45. b5 Ne3 46. Bxe3 Rxe3+ 47. Kf2 Rb3 48. c6 bxc6 49. bxc6 Rb8 50. c7 Rc8 51. Rc6 Kg5 52. Rc1 Kg6 53. Ke2 Kf7 54. Kd3 Ke6 55. Rc6+ Kd5 56. Rxf6 Rxc7 57. h4 Ra7 58. Rh6 Ra3+ 59. Ke2 Ra2+ 60. Kf1 Kd4 61. Rh5 Ke3 62. Rxe5+ Kxf3 63. Ke1 Kg4 64. Re7 h5 65. Rf7 Rh2 66. Rg7+ Kf3 67. Rb7 Rh1+ 68. Kd2 Rxh4 69. Rb3+ Kf2 70. Rb4 Rg4 71. Rb8 h4 72. Rh8 Kg2 0-1

[Event "Odysseus Autumn A"]
[Site "Soborg"]
[Date "2001.09.??"]
[Round "2"]
[White "Brandstrup, Bo"]
[Black "Nielsen, Lars Aaes"]
[Result "0-1"]
[WhiteElo "1979"]
[BlackElo "2147"]
[PlyCount "94"]
[EventDate "2001.09.06"]
[EventType "tourn"]
[EventRounds "5"]
[EventCountry "DEN"]
[SourceTitle "EXT 2023"]
[Source "ChessBase"]
[SourceDate "2022.10.05"]
[SourceVersion "1"]
[SourceVersionDate "2022.10.05"]
[SourceQuality "1"]

1. Nf3 g6 2. g3 Bg7 3. Bg2 d6 4. d4 Nc6 5. 0-0 Nf6 6. b3 0-0 7. Bb2 Bf5 8. Nh4 d5 9. Nxf5 gxf5 10. Nd2 Ne4 11. Nf3 e6 12. e3 Ne7 13. Qe2 c6 14. c4 Qa5 15. Rfc1 Rac8 16. Rc2 a6 17. Qe1 Qxe1+ 18. Rxe1 b5 19. Ba3 Bf6 20. cxd5 cxd5 21. Rec1 Rxc2 22. Rxc2 Rc8 23. Rxc8+ Nxc8 24. Bb4 Be7 25. Be1 b4 26. Kf1 f6 27. Ke2 Na7 28. Kd3 Nb5 29. Kc2 a5 30. Bf1 Nbd6 31. Nh4 Kf7 32. f3 Ng5 33. Bd3 e5 34. f4 Nge4 35. fxe5 fxe5 36. dxe5 Bxh4 37. gxh4 Nb7 38. Ba6 Nbc5 39. Bc8 Ne6 40. a3 bxa3 41. Bxa5 N6c5 42. Bc3 Nxc3 43. Kxc3 Nd3 44. Bxf5 a2 45. Bxd3 a1Q+ 46. Kb4 Qxe5 47. Bxh7 Qxe3 0-1

[Event "Odysseus Autumn A"]
[Site "Soborg"]
[Date "2001.09.??"]
[Round "5"]
[White "Meyer, Thorlejf"]
[Black "Brandstrup, Bo"]
[Result "1/2-1/2"]
[WhiteElo "1940"]
[BlackElo "1979"]
[PlyCount "113"]
[EventDate "2001.09.06"]
[EventType "tourn"]
[EventRounds "5"]
[EventCountry "DEN"]
[SourceTitle "EXT 2023"]
[Source "ChessBase"]
[SourceDate "2022.10.05"]
[SourceVersion "1"]
[SourceVersionDate "2022.10.05"]
[SourceQuality "1"]

1. e4 d5 2. exd5 Qxd5 3. Nc3 Qa5 4. d4 Nf6 5. Bd2 c6 6. Nf3 Bf5 7. Be2 e6 8. 0-0 Nbd7 9. a3 Qc7 10. Rc1 Bd6 11. Bd3 Bg6 12. Qe2 0-0 13. Ne4 Bxe4 14. Bxe4 Rfe8 15. c4 Bf4 16. Bb1 Rad8 17. Bxf4 Qxf4 18. Qd2 Qxd2 19. Nxd2 e5 20. Nb3 exd4 21. Nxd4 Nc5 22. Nf5 g6 23. Ne3 Rd2 24. b4 Nb3 25. Rcd1 Red8 26. Rxd2 Rxd2 27. c5 Rd4 28. Ba2 Nd2 29. Rd1 Nfe4 30. f3 Nc3 31. Ra1 Kg7 32. Kf2 f5 33. Be6 Rd8 34. g3 Kf6 35. Bc4 Nxc4 36. Nxc4 Rd7 37. Re1 Na4 38. Nd6 b6 39. Ne8+ Kg5 40. h4+ Kh6 41. cxb6 axb6 42. Re6 Rd2+ 43. Ke1 Rg2 44. Nd6 Kh5 45. Nc8 Rxg3 46. Kf2 Kxh4 47. Rxc6 Kh3 48. Nxb6 Nxb6 49. Rxb6 f4 50. a4 Rg2+ 51. Ke1 Kg3 52. a5 Kxf3 53. a6 Ra2 54. b5 g5 55. Rb7 g4 56. a7 g3 57. b6 1/2-1/2

[Event "Skovlunde Pinse B"]
[Site "Skovlunde"]
[Date "2000.06.12"]
[Round "4"]
[White "Auchenberg, Per"]
[Black "Brandstrup, Bo"]
[Result "1-0"]
[WhiteElo "1895"]
[BlackElo "1929"]
[PlyCount "111"]
[EventDate "2000.06.10"]
[EventType "tourn"]
[EventRounds "5"]
[EventCountry "DEN"]
[SourceTitle "EXT 2023"]
[Source "ChessBase"]
[SourceDate "2022.10.05"]
[SourceVersion "1"]
[SourceVersionDate "2022.10.05"]
[SourceQuality "1"]

1. f4 d5 2. b3 Nf6 3. Bb2 g6 4. Nf3 Bg7 5. g3 0-0 6. Bg2 c5 7. 0-0 Nc6 8. e3 e6 9. Qe2 b6 10. d3 Bb7 11. Nbd2 Qe7 12. Ne5 Nxe5 13. Bxe5 Nd7 14. Bxg7 Kxg7 15. e4 dxe4 16. dxe4 Nf6 17. e5 Ng8 18. Bxb7 Qxb7 19. Ne4 Rfd8 20. Rad1 Qe7 21. Rd6 Rxd6 22. exd6 Qb7 23. Rd1 Rd8 24. g4 f6 25. Rd3 Qf7 26. Rd2 h6 27. Qe3 f5 28. Nf2 Nf6 29. g5 Nd5 30. Qe5+ Kh7 31. gxh6 Qf6 32. Rxd5 Qxe5 33. Rxe5 Rxd6 34. Nh3 Kxh6 35. Ng5 Rd4 36. Nxe6 Rd2 37. Re3 Kh5 38. Rh3+ Kg4 39. Rg3+ Kh4 40. Rg2 Rd1+ 41. Kf2 Rd6 42. Ng5 c4 43. Nf3+ Kh5 44. bxc4 Rc6 45. Ne5 Rc5 46. Rg3 Kh6 47. Rxg6+ Kh7 48. Rg3 Ra5 49. a3 Rc5 50. Rd3 a5 51. Rd7+ Kg8 52. Rb7 a4 53. Rxb6 Ra5 54. Rb5 Ra7 55. c5 Rh7 56. Rb8+ 1-0